| 000 | 00802cab a2200265 4500 | ||
|---|---|---|---|
| 001 | ABS57840 | ||
| 008 | 090401t1997 xxu||||| |||| 00| 0 eng d | ||
| 035 | _a(Sirsi) u81396 | ||
| 041 | _aeng | ||
| 100 | _aBlandford, D. | ||
| 245 | _aElectronic in the markets agro-food sector | ||
| 260 | _c1997 | ||
| 350 | _a0 | ||
| 490 |
_aOECD Observer _v(208) October/November 1997, 20-23(4) |
||
| 520 | _aAn overview of the growing role of electronic commerce in helping create opportunities for the marketing of agricultural products. Gives some site examples. | ||
| 650 | _aAGRICULTURAL PRODUCTS | ||
| 650 | _aELECTRONIC COMMERCE | ||
| 650 | _aFUTURE | ||
| 650 | _aINTERNET | ||
| 650 | _aWEB SITES | ||
| 690 | _aRURAL PRACTICE | ||
| 700 | _aFulponi, L. | ||
| 942 | _n0 | ||
| 948 | _c13/10/1997 | ||
| 999 |
_c51278 _d51278 |
||